Datum a čas kvízu
31
Celkem bodů
Celkový počet nahraných bodů na tomto kvízu bez doplňovacích otázek.
3.
Pořadí na kvízu
Konečné umístění týmu na tomto kvízu.
Zaznamenané odpovědi
| # | Otázka | Odpověď | Body | Výsledky |
|---|---|---|---|---|
| 1. | Minulý týden navštívil naši re... | Uctění památky československých parašutistů. | 1 | |
| 2. | Na sociálních sítích v těchto... | Přejít pyramidu z přepravek. | 1 | |
| 3. | Třicetiletý Spencer Elden se h... | Nirvana, Nevermind | 1 | |
| 4. | Společnost Škoda Auto ve čtvrt... | verze kombi | 1 | |
| 5. | Hokejistům Plzně vypomůže v úv... | Dominik Furch | 0 | |
| 6. | Toto téma nelze začít jinak, n... | 1C 2B 3A 4D | 1 | |
| 7. | Neměli bychom opomenout ani ku... | Bořek stavitel | 1 | |
| 8. | Hlavní postavu kutila Tima ze... | Tim Allen | 1 | |
| 9. | Americký televizní kutilský po... | Vanilla Ice | 1 | |
| 10. | Do kategorie kutilů můžeme poč... | z kuřecích kůžiček | 1 |